000 00612nam a2200241Ia 4500
003 0100
008 130307s9999 xx 000 0 und d
040 _cARRUPELIB
050 _aBT98.B87 1969
100 _aBurkle , Howard R
245 4 _aThe non - existence of God
245 _banti - theism from hegel to dumery
260 _aNew York
260 _bHerder and Herder
260 _c1969
300 _a220p.
300 _b22cm.
650 _aTHEOLOGY
650 _bDiscoveries in Geography--Chinese
650 _cVoyages around the world
650 _dChina--History--Ming dynasty
942 0 0 _01
999 _c97315
_d97315